[Event "33rd Rilton Cup"]
[Site "Stockholm SWE"]
[Date "2004.01.03"]
[Round "7.46"]
[White "Eriksson, Jorgen"]
[Black "Horn, Emilia"]
[Result "1/2-1/2"]
[WhiteElo "2217"]
[BlackElo "2051"]
[EventDate "2003.12.27"]
[PlyCount "135"]

1.d4 d5 2.c4 c6 3.Nf3 Nf6 4.e3 a6 5.Nc3 b5 6.b3 Bg4 7.Be2 e6 8.O-O Bd6 9.
h3 Bh5 10.Bb2 O-O 11.Rc1 Nbd7 12.Ne5 Bxe2 13.Nxe2 Rc8 14.Qd3 Ne4 15.cxd5 
cxd5 16.Rxc8 Qxc8 17.Rc1 Qb7 18.f3 Nef6 19.Qc2 Nb8 20.Nf4 Nfd7 21.Nfd3 f6 
22.Nxd7 Qxd7 23.e4 dxe4 24.fxe4 Qb7 25.e5 fxe5 26.dxe5 Qb6+ 27.Kh2 Be7 28.
Qc7 Qxc7 29.Rxc7 Bd8 30.Rb7 Nc6 31.Rd7 Rf7 32.Rd6 Rc7 33.Nf4 Be7 34.Rxe6 
Kf7 35.Nd5 Kxe6 36.Nxc7+ Kf5 37.g4+ Ke4 38.Nxa6 Nxe5 39.Bxe5 Kxe5 40.Nc7 
b4 41.Kg3 Bf8 42.Kf3 Kd6 43.Nb5+ Kc5 44.a4 bxa3 45.Nxa3 Kb4 46.Nc2+ Kc3 
47.Ne3 Kxb3 48.Ke4 Ba3 49.h4 Bb2 50.Kd5 Bf6 51.g5 Bc3 52.Ke6 Bd2 53.Nf5 
Bc3 54.Kf7 g6 55.Ne3 Bd2 56.Ng2 h6 57.gxh6 Bxh6 58.Kxg6 Bd2 59.h5 Kc4 60.
Nh4 Kd5 61.Nf3 Bc1 62.Ng5 Kd6 63.h6 Ke7 64.h7 Bb2 65.Nf7 Ba1 66.Nh6 Bh8 
67.Nf5+ Kf8 68.Nh6 1/2-1/2

[Event "33rd Rilton Cup"]
[Site "Stockholm SWE"]
[Date "2004.01.03"]
[Round "7.47"]
[White "Lindh, Fredrik"]
[Black "Christensen, Esben"]
[Result "1/2-1/2"]
[WhiteElo "2196"]
[BlackElo "2083"]
[EventDate "2003.12.27"]
[PlyCount "93"]

1.e4 c5 2.Nf3 e6 3.d4 cxd4 4.Nxd4 Nf6 5.Nc3 d6 6.Be3 a6 7.f3 b5 8.Qd2 Bb7 
9.a4 b4 10.Na2 d5 11.e5 Nfd7 12.f4 Nc5 13.Nc1 Nc6 14.Bd3 Ne4 15.Bxe4 dxe4 
16.Ncb3 Qc7 17.O-O Be7 18.Qf2 O-O 19.Qg3 Rfe8 20.f5 Bf8 21.fxe6 fxe6 22.
Nxc6 Bxc6 23.Nd4 Bd5 24.Rf4 Bc5 25.Rg4 Rf8 26.h4 Rf7 27.Kh2 Raf8 28.c3 
bxc3 29.bxc3 Rb8 30.h5 Rb2 31.h6 g6 32.Bc1 Rb8 33.Bg5 Be7 34.Bxe7 Qxe7 35.
Re1 Qf8 36.Qh4 Rb2 37.Re2 Rb1 38.c4 Bxc4 39.Rexe4 Rff1 40.Ref4 Rh1+ 41.Kg3
Qa3+ 42.Rf3 Rxh4 43.Rxa3 Rxh6 44.Rc3 Bd5 45.Rc8+ Kg7 46.Rc7+ Kg8 47.Rc8+ 
1/2-1/2

[Event "33rd Rilton Cup"]
[Site "Stockholm SWE"]
[Date "2004.01.03"]
[Round "7.48"]
[White "Lardot, Derik"]
[Black "Norberg, Johan"]
[Result "0-1"]
[WhiteElo "2014"]
[BlackElo "2176"]
[EventDate "2003.12.27"]
[PlyCount "110"]

1.e4 g6 2.d4 Bg7 3.Nf3 d6 4.Nc3 Nf6 5.Be2 O-O 6.O-O c6 7.h3 Nbd7 8.Be3 Qc7
9.Nh2 b5 10.Bd3 b4 11.Ne2 c5 12.c3 bxc3 13.bxc3 Bb7 14.Ng3 Qa5 15.Qd2 Nb6 
16.Rac1 Rfd8 17.d5 Nfd7 18.f4 Rab8 19.c4 Qa4 20.Ne2 Ba6 21.Nc3 Qa5 22.Nb1 
Qxd2 23.Nxd2 Na4 24.Nb3 Nb2 25.Be2 Rb4 26.Na5 Ra4 27.Nc6 Re8 28.Nf3 Bxc4 
29.Rfe1 Bxe2 30.Rxe2 Rxe4 31.Nd2 Ra4 32.Bf2 Nd3 33.Rc2 Kf8 34.g3 Nb6 35.
Re3 Nb4 36.Nxb4 Rxb4 37.Nf3 Nxd5 38.Ra3 Rb7 39.Ng5 h6 40.Ne4 Nb4 41.Re2 
Nc6 42.Kg2 Reb8 43.Ra6 Rb6 44.Ra4 Rb2 45.Rxb2 Rxb2 46.Kf1 Ke8 47.g4 Rb4 
48.Ra6 Rxe4 49.Rxc6 Rxf4 50.Ke1 Ra4 51.Rc8+ Kd7 52.Rg8 Bc3+ 53.Kf1 Rxa2 
54.Rf8 Ke6 55.Be3 Bd2 0-1

[Event "33rd Rilton Cup"]
[Site "Stockholm SWE"]
[Date "2004.01.03"]
[Round "7.50"]
[White "Palmblad, Jan-Peter"]
[Black "Gustafsson, Stefan"]
[Result "1/2-1/2"]
[WhiteElo "2187"]
[BlackElo "1980"]
[EventDate "2003.12.27"]
[PlyCount "93"]

1.e4 e6 2.d4 d5 3.Nc3 Bb4 4.e5 c5 5.a3 Bxc3+ 6.bxc3 Ne7 7.Qg4 Qc7 8.Qxg7 
Rg8 9.Qxh7 cxd4 10.Ne2 Nbc6 11.f4 dxc3 12.Qd3 d4 13.Nxd4 Nxd4 14.Qxd4 Bd7 
15.Rb1 Nf5 16.Qf2 Bc6 17.Rg1 Rd8 18.Qxa7 Nd4 19.Bd3 Qe7 20.Be3 Qh4+ 21.Kf1
Rg4 22.g3 Qh3+ 23.Ke1 Nf3+ 24.Ke2 Qxh2+ 25.Bf2 Nxg1+ 26.Rxg1 Qh5 27.Ke1 
Rg8 28.Qc5 Qf3 29.Qxc3 Qd5 30.Qc5 Rh8 31.Qxd5 Rxd5 32.Ke2 Ra5 33.Ra1 Rh1 
34.Ra2 Kd7 35.Ke3 Rh2 36.c4 Ra4 37.c5 Rh8 38.Be1 Rha8 39.Ke2 Rxa3 40.Rd2 
Ke7 41.g4 Ra2 42.f5 Rxd2+ 43.Bxd2 Ra4 44.f6+ Kf8 45.g5 Be4 46.Bb5 Ra3 47.
c6 1/2-1/2

[Event "33rd Rilton Cup"]
[Site "Stockholm SWE"]
[Date "2004.01.03"]
[Round "7.51"]
[White "Paaske, Asger"]
[Black "Penttila, Tero"]
[Result "1-0"]
[WhiteElo "2162"]
[BlackElo "1983"]
[EventDate "2003.12.27"]
[PlyCount "89"]

1.e4 e6 2.d4 d5 3.Nd2 Nf6 4.e5 Nfd7 5.Bd3 c5 6.c3 Nc6 7.Ne2 Qb6 8.Nf3 cxd4
9.cxd4 Be7 10.O-O O-O 11.a3 f6 12.exf6 Nxf6 13.Nc3 Bd7 14.Bg5 Rac8 15.Na4 
Qd8 16.b4 b6 17.Re1 Qe8 18.Nb2 Qh5 19.Be2 Qg6 20.Bh4 Bd6 21.Nd3 Ne4 22.Rc1
Qh6 23.Bg3 Bxg3 24.hxg3 Rf5 25.b5 Rh5 26.Nh4 Rxh4 27.gxh4 Nxd4 28.Rxc8+ 
Bxc8 29.Qc1 Qxc1 30.Nxc1 Nc2 31.Rd1 Nc3 32.Rd3 Nxb5 33.Rb3 Nbd4 34.Rc3 Bd7
35.Bd3 Ne1 36.Bb1 Bb5 37.Rc8+ Kf7 38.Rc7+ Kf6 39.Rxa7 Nec2 40.a4 Bc4 41.
Ba2 Ne2+ 42.Nxe2 Bxa2 43.Rb7 Bb3 44.a5 Bc4 45.axb6 1-0

[Event "33rd Rilton Cup"]
[Site "Stockholm SWE"]
[Date "2004.01.03"]
[Round "7.56"]
[White "Andersson, Goran"]
[Black "Karlsen, Terje"]
[Result "1-0"]
[WhiteElo "2194"]
[BlackElo "2083"]
[EventDate "2003.12.27"]
[PlyCount "215"]

1.e4 e5 2.Nf3 Nc6 3.Bb5 a6 4.Ba4 Nf6 5.O-O Bc5 6.c3 b5 7.Bc2 d6 8.d4 Bb6 
9.Bg5 Bg4 10.d5 Ne7 11.h3 Bd7 12.Nbd2 Ng6 13.Nh4 h6 14.Nxg6 fxg6 15.Be3 
Bxe3 16.fxe3 O-O 17.a4 Qe7 18.axb5 axb5 19.Bd3 Rfb8 20.b4 c5 21.bxc5 dxc5 
22.Qe2 c4 23.Bc2 Ra3 24.Rxa3 Qxa3 25.Nb1 Qb2 26.Qd2 Ra8 27.Qc1 Qxc1 28.
Rxc1 Ra1 29.Kf2 Kf8 30.Ke1 g5 31.Rd1 Ra2 32.Rd2 Ke7 33.Kd1 Kd6 34.Kc1 Be8 
35.Rd1 Kc5 36.Nd2 b4 37.cxb4+ Kxb4 38.d6 Rxc2+ 39.Kxc2 Ba4+ 40.Kc1 Bxd1 
41.Kxd1 Kc3 42.Nf3 Nd7 43.Ne1 Kb4 44.Kc2 Kc5 45.Kc3 Nf6 46.d7 Nxd7 47.Nf3 
Nf6 48.Nd2 h5 49.Nxc4 Nxe4+ 50.Kb3 Kd5 51.Nb6+ Ke6 52.Kc2 Kf5 53.Kd3 h4 
54.Nc4 Nc5+ 55.Ke2 e4 56.Nd6+ Ke6 57.Nb5 Nb3 58.Kf2 Nc1 59.Nd4+ Ke5 60.g4 
Nd3+ 61.Ke2 g6 62.Nc6+ Kd6 63.Nd4 Ne5 64.Nb5+ Ke6 65.Nc3 Nf7 66.Nxe4 Kd5 
67.Nd2 Nd8 68.Kd3 Ne6 69.Nf3 Nc5+ 70.Ke2 Ne6 71.Nd2 Nc5 72.Kf3 Ne6 73.Ne4 
Ke5 74.Nc3 Nc5 75.Ke2 Ne6 76.Nb5 Kd5 77.Kf3 Ke5 78.Nc3 Nc5 79.Nb1 Ne4 80.
Na3 Nd2+ 81.Ke2 Ne4 82.Nc4+ Kd5 83.Nd2 Nc5 84.Kf3 Ne6 85.Ne4 Ke5 86.Nc3 
Nc5 87.Nb5 Ne6 88.Na7 Kd5 89.Nc8 Ke5 90.Ne7 Kf6 91.Nc6 Nc5 92.Nd4 Ke5 93.
Kf2 Ke4 94.Ke2 Ke5 95.Nf3+ Kf6 96.Ne1 Ne6 97.Nd3 Nd8 98.e4 Nc6 99.Ke3 Ke6 
100.Ne1 Kd6 101.Nf3 Ke7 102.Nxg5 Kf6 103.Kf4 Nd4 104.e5+ Ke7 105.Ke4 Ne2 
106.Nf3 Nc3+ 107.Kd4 Ne2+ 108.Ke3 1-0

[Event "33rd Rilton Cup"]
[Site "Stockholm SWE"]
[Date "2004.01.03"]
[Round "7.57"]
[White "Isaksson, Per"]
[Black "Loenngren, Tobias"]
[Result "0-1"]
[WhiteElo "2085"]
[BlackElo "2155"]
[EventDate "2003.12.27"]
[PlyCount "48"]

1.d4 Nf6 2.c4 e6 3.Nc3 Bb4 4.Qc2 O-O 5.a3 Bxc3+ 6.Qxc3 b6 7.Bg5 Ba6 8.Nf3 
d6 9.e3 Nbd7 10.Bd3 c5 11.b4 h6 12.Bh4 cxd4 13.Nxd4 Ne5 14.Nb5 Bb7 15.O-O 
a6 16.Nd4 Rc8 17.Qb3 d5 18.Bxf6 Qxf6 19.Rac1 dxc4 20.Bxc4 Nxc4 21.Rxc4 Bd5
22.Rxc8 Bxb3 23.Rxf8+ Kxf8 24.Nxb3 Qc3 0-1

[Event "33rd Rilton Cup"]
[Site "Stockholm SWE"]
[Date "2004.01.03"]
[Round "7.58"]
[White "Jiretorn, Eva"]
[Black "Jensen, Leif Haugaard"]
[Result "1-0"]
[WhiteElo "2146"]
[BlackElo "2055"]
[EventDate "2003.12.27"]
[PlyCount "85"]

1.d4 d5 2.c4 c6 3.Nc3 Nf6 4.Nf3 e6 5.Bg5 Nbd7 6.e3 Qa5 7.cxd5 exd5 8.Bd3 
Be7 9.O-O O-O 10.Qc2 Re8 11.Ne5 Nf8 12.h3 Nh5 13.Qe2 Nf6 14.f4 Qd8 15.Rf2 
h6 16.Bxf6 Bxf6 17.Qh5 Qe7 18.Raf1 g6 19.Qf3 Bd7 20.g4 Rad8 21.e4 dxe4 22.
Nxe4 Bc8 23.g5 Bg7 24.Bc4 Be6 25.Bxe6 Nxe6 26.gxh6 Bxh6 27.Qg4 Nxd4 28.h4 
Qe6 29.Qg2 Bg7 30.Ng5 Qd5 31.Ngxf7 Qxg2+ 32.Rxg2 Rd5 33.Rxg6 Re7 34.Ng5 
Ne2+ 35.Kh1 Nxf4 36.Rxf4 Rdxe5 37.h5 Re1+ 38.Kg2 R7e2+ 39.Rf2 Rxf2+ 40.
Kxf2 Re5 41.h6 Rf5+ 42.Ke2 Rf6 43.Rxg7+ 1-0

[Event "33rd Rilton Cup"]
[Site "Stockholm SWE"]
[Date "2004.01.03"]
[Round "7.59"]
[White "Dalmau, Juan"]
[Black "Elfstrom, Jorgen"]
[Result "1/2-1/2"]
[WhiteElo "2041"]
[BlackElo "2118"]
[EventDate "2003.12.27"]
[PlyCount "44"]

1.e4 c5 2.Nf3 d6 3.c3 Nf6 4.Bc4 Nc6 5.d3 e6 6.O-O Be7 7.Bb3 O-O 8.Re1 b5 
9.d4 e5 10.h3 Qc7 11.a3 Bb7 12.Bc2 Na5 13.Bg5 Rac8 14.dxe5 dxe5 15.Nbd2 
Rcd8 16.Qe2 a6 17.Rad1 Rd7 18.Nb1 Rfd8 19.Bxf6 Bxf6 20.Rxd7 Rxd7 21.Rd1 g6
22.Rxd7 Qxd7 1/2-1/2

[Event "33rd Rilton Cup"]
[Site "Stockholm SWE"]
[Date "2004.01.03"]
[Round "7.61"]
[White "Janse, Love"]
[Black "Asberg, Anders"]
[Result "1/2-1/2"]
[WhiteElo "2152"]
[BlackElo "1886"]
[EventDate "2003.12.27"]
[PlyCount "70"]

1.e4 c5 2.f4 Nc6 3.Nf3 b6 4.Nc3 Bb7 5.Bc4 e6 6.O-O Be7 7.Kh1 Nf6 8.e5 Ng4 
9.d4 cxd4 10.Nxd4 Nxd4 11.Qxg4 Nf5 12.Bd3 h5 13.Qe2 h4 14.Bxf5 exf5 15.h3 
Rh6 16.Qd3 Rg6 17.Nd5 Rc8 18.c4 b5 19.b3 bxc4 20.bxc4 Ba6 21.Ne3 Rg3 22.
Qxf5 g6 23.Qb1 Bc5 24.f5 Bxe3 25.Bxe3 Rxe3 26.fxg6 Qg5 27.gxf7+ Kf8 28.
Qb4+ Qe7 29.Qd2 Qxe5 30.Rae1 Rxh3+ 31.Kg1 Qh2+ 32.Kf2 Qg3+ 33.Kg1 Qh2+ 34.
Kf2 Qg3+ 35.Kg1 Qh2+ 1/2-1/2

[Event "33rd Rilton Cup"]
[Site "Stockholm SWE"]
[Date "2004.01.03"]
[Round "7.62"]
[White "Bodin, Stefan"]
[Black "Getta, Markus"]
[Result "1/2-1/2"]
[WhiteElo "2004"]
[BlackElo "2096"]
[EventDate "2003.12.27"]
[PlyCount "103"]

1.b3 Nf6 2.Bb2 g6 3.c4 Bg7 4.g3 O-O 5.Bg2 d6 6.e3 e5 7.Nc3 Re8 8.Nge2 c6 
9.d4 e4 10.Qd2 h5 11.O-O Bf5 12.Rae1 Qd7 13.f3 exf3 14.Bxf3 Na6 15.Nf4 Ne4
16.Qg2 Ng5 17.Bd1 Nh3+ 18.Kh1 Nxf4 19.Rxf4 Bh6 20.Rxf5 Qxf5 21.e4 Nb4 22.
Be2 Qf6 23.e5 dxe5 24.Ne4 Qe6 25.dxe5 Bg7 26.Rf1 Bxe5 27.Ng5 Qe7 28.Bc1 f6
29.Ne4 Rf8 30.g4 h4 31.c5 Nd5 32.Qh3 g5 33.Bc4 Rad8 34.Qd3 Kg7 35.Qf3 Qd7 
36.Rd1 Qe7 37.Nf2 Nf4 38.Re1 Rd7 39.Bxf4 gxf4 40.Qe4 Kh8 41.g5 Qh7 42.g6 
Qh5 43.Rg1 Rg7 44.Be2 Qh6 45.Qf5 Rfg8 46.Bh5 Bd4 47.Ng4 Qg5 48.Qxg5 fxg5 
49.Rd1 Bc3 50.Rd3 Bb2 51.Rd2 Bc3 52.Rd3 1/2-1/2

[Event "33rd Rilton Cup"]
[Site "Stockholm SWE"]
[Date "2004.01.04"]
[Round "8.1"]
[White "Gligoric, Svetozar"]
[Black "Nyback, Tomi"]
[Result "0-1"]
[WhiteElo "2454"]
[BlackElo "2497"]
[EventDate "2003.12.27"]
[PlyCount "48"]

1.d4 Nf6 2.c4 c5 3.d5 b5 4.cxb5 a6 5.bxa6 g6 6.Nc3 Bxa6 7.e4 Bxf1 8.Kxf1 
d6 9.Nge2 Bg7 10.h3 O-O 11.Kg1 Nbd7 12.Kh2 Qa5 13.Qc2 Rfb8 14.Rd1 Rb4 15.
Rb1 Rab8 16.Bd2 Qa6 17.f3 Ne5 18.b3 Rc8 19.Be1 Nh5 20.a4 c4 21.bxc4 Rbxc4 
22.Qb3 Rxc3 23.Nxc3 Nxf3+ 24.gxf3 Qf1 0-1

[Event "33rd Rilton Cup"]
[Site "Stockholm SWE"]
[Date "2004.01.04"]
[Round "8.3"]
[White "Berkes, Ferenc"]
[Black "Fontaine, Robert"]
[Result "1/2-1/2"]
[WhiteElo "2616"]
[BlackElo "2526"]
[EventDate "2003.12.27"]
[PlyCount "129"]

1.d4 d5 2.c4 c6 3.Nf3 Nf6 4.e3 a6 5.Bd3 Bg4 6.O-O e6 7.b3 Nbd7 8.Bb2 Bd6 
9.Nbd2 O-O 10.Qc2 Qb8 11.h3 Bh5 12.Ng5 h6 13.Ngf3 Bxf3 14.Nxf3 Re8 15.Be2 
Ne4 16.Bd3 f5 17.cxd5 exd5 18.Nh4 Rf8 19.f4 Qe8 20.Nf3 Ng3 21.Rf2 Nf6 22.
Ne5 Nfe4 23.Rf3 g5 24.Kh2 Nh5 25.g4 fxg4 26.hxg4 Nhf6 27.Qg2 Qe6 28.Kg1 
gxf4 29.Rxf4 Kg7 30.Raf1 Ng5 31.Rf5 a5 32.Rxg5+ hxg5 33.Rf5 Bxe5 34.dxe5 
Ne4 35.Bxe4 dxe4 36.Qxe4 Rad8 37.Rxg5+ Kf7 38.Bd4 Ke8 39.Rg7 Rd7 40.Rg6 
Qd5 41.Qg2 c5 42.e6 Qxg2+ 43.Kxg2 Rd5 44.Bf6 Rd6 45.Bg5 b5 46.Kg3 c4 47.
bxc4 bxc4 48.Rg7 Rxe6 49.Rc7 Re4 50.Bf4 Rf7 51.Rc5 Ra7 52.Kf3 Re6 53.Rxc4 
a4 54.a3 Kf7 55.g5 Kg6 56.Kg4 Rea6 57.e4 Rd7 58.Be5 Rd1 59.Bf6 Rd3 60.e5 
Rd1 61.Rb4 Rg1+ 62.Kf4 Rf1+ 63.Ke4 Re1+ 64.Kd5 Re3 65.Be7 1/2-1/2

[Event "33rd Rilton Cup"]
[Site "Stockholm SWE"]
[Date "2004.01.04"]
[Round "8.5"]
[White "Acs, Peter"]
[Black "Ernst, Thomas"]
[Result "0-1"]
[WhiteElo "2593"]
[BlackElo "2447"]
[EventDate "2003.12.27"]
[PlyCount "112"]

1.e4 e5 2.Nf3 Nc6 3.Bb5 a6 4.Ba4 Nf6 5.O-O Nxe4 6.d4 b5 7.Bb3 Be7 8.Nxe5 
Nxe5 9.dxe5 Bb7 10.Be3 d5 11.c3 O-O 12.Nd2 Nxd2 13.Qxd2 c6 14.f4 f6 15.e6 
f5 16.Rfe1 Qd6 17.Bd4 Rae8 18.Qf2 Bc8 19.Be5 Qc5 20.Bd4 Qd6 21.a4 Bxe6 22.
axb5 axb5 23.Be5 Qc5 24.Bd4 Qd6 25.Ra7 Rf7 26.Be5 Qd8 27.Rea1 Bd6 28.Ra8 
Qxa8 29.Rxa8 Rxa8 30.Qb6 Bxe5 31.Qxc6 Ra1+ 32.Kf2 Rb1 33.Qe8+ Rf8 34.Qxe6+
Kh8 35.fxe5 Rxb2+ 36.Ke3 Rxb3 37.Kd4 Rb2 38.Qd6 Rg8 39.Qe6 Rxg2 40.Qxf5 
Rxh2 41.Kxd5 Rd8+ 42.Ke6 Ra2 43.Qf7 Raa8 44.Qb7 Rab8 45.Qe4 Rdc8 46.Qe3 b4
47.cxb4 Rxb4 48.Kd7 Rcb8 49.Qa3 R4b7+ 50.Kc6 Rb3 51.Qa4 R3b6+ 52.Kd7 R8b7+
53.Ke8 Re6+ 54.Kf8 Rbe7 55.Qh4 Re8+ 56.Kf7 h6 0-1

[Event "33rd Rilton Cup"]
[Site "Stockholm SWE"]
[Date "2004.01.04"]
[Round "8.6"]
[White "Ivanov, Sergei"]
[Black "Hansen, Torbjoern Ringdal"]
[Result "0-1"]
[WhiteElo "2556"]
[BlackElo "2335"]
[EventDate "2003.12.27"]
[PlyCount "70"]

1.d4 Nf6 2.c4 e6 3.Nc3 Bb4 4.Qc2 d5 5.cxd5 exd5 6.Bg5 h6 7.Bh4 c5 8.dxc5 
g5 9.Bg3 Ne4 10.e3 Qa5 11.Ne2 Bf5 12.Be5 O-O 13.Nd4 Nxc3 14.Nxf5 Ne4+ 15.
Kd1 Nc6 16.Bd4 Nxd4 17.Nxd4 Rac8 18.Nb3 Qd8 19.Bd3 Bxc5 20.Rc1 Bxe3 21.
Qxc8 Nxf2+ 22.Ke2 Qxc8 23.Rxc8 Rxc8 24.Kxe3 Nxh1 25.g4 Re8+ 26.Kf3 Re1 27.
Nd4 Rd1 28.Ke3 Rxd3+ 29.Kxd3 Nf2+ 30.Ke2 Nxg4 31.h3 Ne5 32.Nf5 Kh7 33.b3 
Kg6 34.Ne7+ Kh5 35.Nxd5 Kh4 0-1

[Event "33rd Rilton Cup"]
[Site "Stockholm SWE"]
[Date "2004.01.04"]
[Round "8.7"]
[White "Kulaots, Kaido"]
[Black "Poley, Vladimir"]
[Result "1-0"]
[WhiteElo "2530"]
[BlackElo "2425"]
[EventDate "2003.12.27"]
[PlyCount "57"]

1.e4 c6 2.d4 d5 3.Nc3 g6 4.Nf3 Bg7 5.h3 dxe4 6.Nxe4 Nd7 7.Bc4 Ndf6 8.Nxf6+
Nxf6 9.O-O O-O 10.Re1 Bf5 11.c3 b5 12.Bf1 Qd6 13.Ne5 Nd5 14.Qf3 f6 15.Ng4 
Bxg4 16.Qxg4 e5 17.a4 b4 18.c4 Nc7 19.dxe5 fxe5 20.Be3 Ne6 21.c5 Qe7 22.
Bc4 Rf5 23.Rad1 Kh8 24.Rd6 Nd8 25.Red1 a5 26.Rd7 Qf6 27.R1d6 Qf8 28.Qh4 
Rf6 29.Rxg7 1-0

[Event "33rd Rilton Cup"]
[Site "Stockholm SWE"]
[Date "2004.01.04"]
[Round "8.8"]
[White "Hillarp Persson, Tiger"]
[Black "Akesson, Ralf"]
[Result "0-1"]
[WhiteElo "2512"]
[BlackElo "2431"]
[EventDate "2003.12.27"]
[PlyCount "120"]

1.d4 Nf6 2.c4 g6 3.f3 d5 4.cxd5 Nxd5 5.e4 Nb6 6.Nc3 Bg7 7.Be3 O-O 8.Qd2 e5
9.d5 c6 10.h4 h5 11.Rd1 cxd5 12.exd5 Bf5 13.Be2 Qc8 14.Bh6 Nc4 15.Bxc4 
Qxc4 16.Nge2 f6 17.Bxg7 Kxg7 18.Ng3 Bd7 19.b3 Qb4 20.Nce4 Na6 21.Qxb4 Nxb4
22.a3 Nc2+ 23.Kf2 Nxa3 24.Nc5 Rf7 25.Nxb7 Rb8 26.Nc5 Nc2 27.Nge4 Nd4 28.
Rhe1 Rb6 29.Rxd4 exd4 30.Rd1 Rb4 31.Nd6 Re7 32.Ra1 Rb6 33.Nc4 Rb5 34.d6 
Rf7 35.Ra5 Rxa5 36.Nxa5 g5 37.g3 Kg6 38.Ke2 Bb5+ 39.Nc4 Rf8 40.Kd2 gxh4 
41.gxh4 Kf7 42.Na3 Bc6 43.f4 Rd8 44.Nc4 Bb5 45.Nb7 Rg8 46.Kd3 Rg3+ 47.Kxd4
Rxb3 48.Ne3 Rd3+ 49.Ke4 Rd2 50.Nf5 Rd1 51.Nd4 Bd7 52.Nc5 Ke8 53.Na6 Bc8 
54.Nc7+ Kd7 55.Ncb5 a6 56.Nc3 Bb7+ 57.Ke3 Re1+ 58.Kf2 Rc1 59.Na4 Kxd6 60.
Nf5+ Kd5 0-1

[Event "33rd Rilton Cup"]
[Site "Stockholm SWE"]
[Date "2004.01.04"]
[Round "8.11"]
[White "Cramling, Pia"]
[Black "Aagaard, Jacob"]
[Result "1/2-1/2"]
[WhiteElo "2153"]
[BlackElo "2373"]
[EventDate "2003.12.27"]
[PlyCount "122"]

1.d4 d5 2.Nf3 e6 3.c4 Nf6 4.Nc3 c6 5.Bg5 dxc4 6.e4 b5 7.e5 h6 8.Bh4 g5 9.
exf6 gxh4 10.Ne5 Qxf6 11.a4 Bb7 12.axb5 cxb5 13.Bxc4 Bd6 14.Ng4 Qf4 15.
Bxb5+ Ke7 16.Ne3 Nd7 17.Ba6 Bxa6 18.Rxa6 Nf6 19.Qe2 Bb4 20.O-O Rhd8 21.g3 
hxg3 22.fxg3 Qxd4 23.Rf4 Bxc3 24.Rxd4 Bxd4 25.Kg2 Kf8 26.Ra3 Rab8 27.Rd3 
Kg7 28.b3 Bb6 29.Rxd8 Rxd8 30.Nc4 Bc5 31.Qe5 Rd5 32.Qc7 Rf5 33.Nd6 Bxd6 
34.Qxd6 a5 35.Qd4 Rd5 36.Qc3 Kg6 37.Qc2+ Kg7 38.Qc3 Rg5 39.h4 Rb5 40.g4 
Rb4 41.Kf3 Rxg4 42.Qxa5 Rxh4 43.b4 Nd5 44.Qa1+ Kg8 45.Qa8+ Kh7 46.b5 Rf4+ 
47.Kg3 Rb4 48.Qf8 Kg6 49.Qg8+ Kf6 50.Qd8+ Kg7 51.Qb8 h5 52.Qd8 h4+ 53.Kh2 
Kg6 54.Qg8+ Kf6 55.Qe8 Kg7 56.Qd8 Kg6 57.Qg8+ Kf6 58.Qe8 Ke5 59.Qxf7 Rb2+ 
60.Kh1 Rxb5 61.Qh5+ Kd6 1/2-1/2

[Event "33rd Rilton Cup"]
[Site "Stockholm SWE"]
[Date "2004.01.04"]
[Round "8.15"]
[White "Kiik, Kalle"]
[Black "Eriksson, Jonas"]
[Result "1-0"]
[WhiteElo "2433"]
[BlackElo "2296"]
[EventDate "2003.12.27"]
[PlyCount "71"]

1.Nf3 d6 2.e4 Nf6 3.Nc3 g6 4.d4 Bg7 5.Be3 c6 6.h3 O-O 7.Qd2 b5 8.Bd3 b4 9.
Ne2 a5 10.O-O Ba6 11.a3 Bxd3 12.cxd3 Na6 13.Bh6 Re8 14.Bxg7 Kxg7 15.Ng3 e5
16.Rac1 c5 17.d5 Ng8 18.Qe3 Nc7 19.Nd2 Nb5 20.Nc4 Nd4 21.f4 f6 22.Rf2 bxa3
23.bxa3 Rb8 24.Ne2 Nb3 25.Rcf1 Nd4 26.Nxd4 cxd4 27.Qg3 Rb3 28.Rf3 a4 29.h4
exf4 30.Qxf4 Re5 31.Qg3 h5 32.Qf2 Rc3 33.Qxd4 Rc2 34.Qa7+ Kh6 35.Qxa4 Rc3 
36.Qb4 1-0

[Event "33rd Rilton Cup"]
[Site "Stockholm SWE"]
[Date "2004.01.04"]
[Round "8.18"]
[White "Molander, Riku"]
[Black "Stokke, Kjetil"]
[Result "1-0"]
[WhiteElo "2341"]
[BlackElo "2197"]
[EventDate "2003.12.27"]
[PlyCount "89"]

1.e4 c5 2.Nf3 g6 3.d4 cxd4 4.Nxd4 Bg7 5.Nc3 Nc6 6.Be3 Nf6 7.Bc4 O-O 8.Bb3 
a5 9.f3 d5 10.Bxd5 Nxd5 11.Nxd5 f5 12.Nxc6 bxc6 13.Nb6 Rb8 14.Qxd8 Rxd8 
15.Rd1 Rxd1+ 16.Kxd1 Bxb2 17.Nxc8 Rxc8 18.exf5 gxf5 19.Ke2 Be5 20.f4 Bc7 
21.Rb1 Kf7 22.Rb7 Ke6 23.c4 Kd6 24.Ra7 Bd8 25.Bd4 Ke6 26.Be5 Kf7 27.Ra6 
Ke6 28.Kf3 Kf7 29.Ke2 Ke6 30.a4 Kd7 31.Kf3 Ke6 32.Ke3 Kd7 33.Kd4 Ke6 34.
Kc5 Kd7 35.h3 h5 36.g3 Bc7 37.Ra7 e6 38.Bxc7 Rxc7 39.Rxc7+ Kxc7 40.h4 Kd7 
41.Kb6 Kd6 42.Kxa5 Kc5 43.Ka6 Kxc4 44.Kb6 c5 45.a5 1-0

[Event "33rd Rilton Cup"]
[Site "Stockholm SWE"]
[Date "2004.01.04"]
[Round "8.20"]
[White "Bezold, Michael"]
[Black "Kopasov, Evgeny"]
[Result "1-0"]
[WhiteElo "2456"]
[BlackElo "2154"]
[EventDate "2003.12.27"]
[PlyCount "57"]

1.b3 e5 2.Bb2 Nc6 3.c4 Nf6 4.e3 d5 5.cxd5 Nxd5 6.a3 Bd6 7.Qc2 O-O 8.Nf3 
Qe7 9.d3 Bd7 10.g3 f5 11.Bg2 Kh8 12.Nbd2 a5 13.O-O Rae8 14.e4 Nb6 15.exf5 
Bxf5 16.Rfe1 Qd7 17.Ne4 Bg4 18.Nfd2 Nd4 19.Bxd4 exd4 20.Nxd6 Rxe1+ 21.Rxe1
Qxd6 22.Bxb7 Qxa3 23.Qxc7 Qb2 24.Qf7 Nd7 25.Re8 Qc1+ 26.Kg2 Qc5 27.Bd5 h6 
28.Nc4 Bf3+ 29.Bxf3 1-0

[Event "33rd Rilton Cup"]
[Site "Stockholm SWE"]
[Date "2004.01.04"]
[Round "8.23"]
[White "Lindberg, Henrik"]
[Black "Fries-Nielsen, Jens Ove"]
[Result "0-1"]
[WhiteElo "2208"]
[BlackElo "2436"]
[EventDate "2003.12.27"]
[PlyCount "112"]

1.c4 e5 2.Nc3 Nc6 3.g3 f5 4.Bg2 Nf6 5.d3 Bb4 6.Bd2 O-O 7.Nd5 Bxd2+ 8.Qxd2 
d6 9.e3 Be6 10.Ne2 Bxd5 11.cxd5 Ne7 12.e4 Ng6 13.exf5 Ne7 14.O-O Nxf5 15.
d4 Qd7 16.Rfe1 Rae8 17.dxe5 dxe5 18.Rad1 Nd6 19.Nc3 e4 20.Qd4 Qf5 21.Re2 
Qh5 22.Rde1 e3 23.f3 Qg6 24.Qxa7 Nf5 25.Qc5 h5 26.Qc4 h4 27.Qd3 hxg3 28.
hxg3 Qg5 29.g4 Nh4 30.Rxe3 Rd8 31.Re5 Qf4 32.Qe3 Qg3 33.Qf2 Qxf2+ 34.Kxf2 
Nxg4+ 35.Kg3 Nxe5 36.Rxe5 Nxg2 37.Kxg2 Rfe8 38.f4 Kf7 39.Kf3 g6 40.Rg5 Rh8
41.Ne4 Rh3+ 42.Ng3 Rh2 43.Ne2 Rh5 44.Nc3 Rxg5 45.fxg5 Ke7 46.Ke4 Rf8 47.
Kd4 Rf2 48.b4 Rg2 49.Ne4 Rxa2 50.Nc5 Rb2 51.Kc3 Rg2 52.Nxb7 Rxg5 53.Kd4 
Rg1 54.Nc5 Rb1 55.Kc4 g5 56.Ne6 g4 0-1

[Event "33rd Rilton Cup"]
[Site "Stockholm SWE"]
[Date "2004.01.04"]
[Round "8.25"]
[White "Eriksson, Johan"]
[Black "Lappalainen, Tommy"]
[Result "1-0"]
[WhiteElo "2414"]
[BlackElo "2194"]
[EventDate "2003.12.27"]
[PlyCount "47"]

1.d4 Nf6 2.c4 e6 3.Nc3 Bb4 4.e3 c5 5.a3 Bxc3+ 6.bxc3 d6 7.Bd3 Nc6 8.Ne2 e5
9.O-O O-O 10.e4 h6 11.d5 Na5 12.Ng3 b6 13.f4 Ba6 14.fxe5 dxe5 15.Nf5 Kh7 
16.Qf3 Nb3 17.Nxg7 Nxc1 18.Raxc1 Kxg7 19.Qg3+ Kh7 20.Qxe5 Bxc4 21.Bxc4 Nd7
22.Qf5+ Kg7 23.e5 f6 24.Bd3 1-0

[Event "33rd Rilton Cup"]
[Site "Stockholm SWE"]
[Date "2004.01.04"]
[Round "8.26"]
[White "Malysheva, Polina"]
[Black "Hjelm, Niclas"]
[Result "1-0"]
[WhiteElo "2157"]
[BlackElo "2350"]
[EventDate "2003.12.27"]
[PlyCount "65"]

1.e4 e5 2.Nf3 Nc6 3.Bb5 Nf6 4.d4 exd4 5.O-O Be7 6.e5 Ne4 7.Qe2 Nc5 8.Rd1 
Ne6 9.Nbd2 a6 10.Bxc6 dxc6 11.Nb3 c5 12.c3 O-O 13.cxd4 cxd4 14.Nbxd4 Nxd4 
15.Nxd4 Qe8 16.Qe4 Bc5 17.Bg5 c6 18.Rac1 Be7 19.Bf4 Bd7 20.Nf5 Bxf5 21.
Qxf5 Rd8 22.Qg4 Kh8 23.h3 f5 24.Qg3 Qf7 25.Rxd8 Rxd8 26.Bg5 Bxg5 27.Qxg5 
Rd5 28.Qe3 f4 29.Qe4 Qe6 30.Re1 g5 31.Qb4 Rd7 32.Qf8+ Qg8 33.e6 1-0

[Event "33rd Rilton Cup"]
[Site "Stockholm SWE"]
[Date "2004.01.04"]
[Round "8.29"]
[White "Friberg, Hans"]
[Black "Andersson, Fredrik"]
[Result "1/2-1/2"]
[WhiteElo "2243"]
[BlackElo "2164"]
[EventDate "2003.12.27"]
[PlyCount "82"]

1.Nf3 d5 2.d4 Nf6 3.c4 c6 4.Nc3 e6 5.e3 Nbd7 6.Qc2 Bd6 7.g4 Bb4 8.Bd2 Qe7 
9.Rg1 b6 10.g5 Bxc3 11.Bxc3 Ne4 12.Bd3 Nxc3 13.Qxc3 dxc4 14.Bxc4 Bb7 15.
O-O-O O-O 16.Rg3 Rfc8 17.Kb1 g6 18.h4 b5 19.Bd3 b4 20.Qd2 c5 21.dxc5 Rxc5 
22.e4 Rd8 23.h5 Rc7 24.hxg6 fxg6 25.Qe2 Nc5 26.e5 Nxd3 27.Rxd3 Rdc8 28.Rd1
Qc5 29.b3 Ba6 30.Qd2 Bb7 31.Qe2 Rd7 32.Rgg1 Rxd1+ 33.Rxd1 Bxf3 34.Qxf3 
Qxe5 35.Qe3 Qxe3 36.fxe3 Rc7 37.Rd8+ Kf7 38.Rh8 Kg7 39.Re8 Kf7 40.Rh8 Kg7 
41.Re8 Kf7 1/2-1/2

[Event "33rd Rilton Cup"]
[Site "Stockholm SWE"]
[Date "2004.01.04"]
[Round "8.30"]
[White "Johansson, Robin (1)"]
[Black "Livner, Anders"]
[Result "1-0"]
[WhiteElo "2095"]
[BlackElo "2242"]
[EventDate "2003.12.27"]
[PlyCount "91"]

1.e4 c5 2.Nf3 d6 3.d4 cxd4 4.Qxd4 Bd7 5.Bg5 Nc6 6.Qd2 g6 7.Nc3 Bg7 8.Nd5 
Bg4 9.Be2 Rc8 10.c3 h6 11.Bh4 Qa5 12.O-O g5 13.Bg3 Nf6 14.Nxf6+ Bxf6 15.
Rad1 Be6 16.a3 Kf8 17.Qe3 Qb6 18.Qd2 Be5 19.Bxe5 dxe5 20.Bd3 Rd8 21.Qe2 
Kg7 22.b4 Qc7 23.Ne1 Nb8 24.Qb2 Nd7 25.Nc2 Nb6 26.Ne3 f6 27.c4 Nxc4 28.
Bxc4 Bxc4 29.Rc1 b5 30.Rfe1 Kf7 31.Qe2 Bxe2 32.Rxc7 Bd3 33.f3 Ke6 34.Rec1 
Rhe8 35.Nf5 Kf7 36.Nxh6+ Kf8 37.Rxa7 Bc4 38.a4 Ra8 39.Rxa8 Rxa8 40.a5 e6 
41.Ng4 Ke7 42.Ne3 Bd3 43.Rc3 Bc4 44.Nxc4 Rc8 45.a6 bxc4 46.b5 1-0